| 000 | 01343pam a2200289 a 4500 | ||
|---|---|---|---|
| 001 | 3887712 | ||
| 005 | 20230517073941.0 | ||
| 008 | 900904s1992 enka b 001 0 eng | ||
| 010 | _a 90014240 | ||
| 020 | _a0198561784 (set) | ||
| 020 | _a9780198562368 (hbk) | ||
| 040 |
_aDLC _cKMU _dKMU _erda |
||
| 050 | 0 | 0 |
_aTP 156.E6 Sci _bS35 1992 |
| 245 | 0 | 0 |
_aScience and practice of liquid-liquid extraction / _c[edited by] John D. Thornton. |
| 260 |
_aOxford : _bClarendon Press; _aNew York : _bOxford University Press, _c1992. |
||
| 300 |
_axviii, 603 p.: _bill. ; _c24 cm. |
||
| 440 | 4 |
_aThe Oxford engineering science series ; _v27 |
|
| 504 | _aIncludes bibliographical references and indexes. | ||
| 505 | 0 | _av. 1. Phase equilibria, mass transfer and interfacial phenomena, extractor hydrodynamics, selection, and design -- v. 2. Process chemistry and extraction operations in the hydrometallurgical, nuclear, pharmaceutical, and food industries. | |
| 650 | 0 | _aExtraction (Chemistry) | |
| 700 | 1 | _aThornton, John D. | |
| 856 | 4 | 2 |
_3Publisher description _uhttp://www.loc.gov/catdir/enhancements/fy0639/90014240-d.html |
| 856 | 4 | 1 |
_3Table of contents only _uhttp://www.loc.gov/catdir/enhancements/fy0639/90014240-t.html |
| 906 |
_a7 _bcbc _corignew _d1 _eocip _f19 _gy-gencatlg |
||
| 942 |
_2ddc _cBK _n0 |
||
| 999 |
_c328 _d328 |
||